000 00601nam a2200241Ia 4500
003 OSt
005 20221005132350.0
006 a|||||r|||| 00| 0
007 ta
008 221004b |||||||| |||| 00| 0 eng d
024 _a61901
037 _cTextual
040 _aCRL
_cCRL
_beng
041 _2eng
_aeng
082 _aS1:35(a14), M3
100 _aBauer Caroline Feller
_9641002
245 0 _aThis way to books
260 _c1983
300 _a363p.
_ccm.
650 _aPSYCHOLOGY
942 _hS1:35(a14), M3
_cTEXL
_2cc
999 _c1063382
_d1063382